[Event "Madrid-chT"]
[Site "Madrid"]
[Date "2012.01.22"]
[Round "7.33"]
[White "Sanchez Alarcos Galian, Victor"]
[Black "Taboas Rodriguez, Daniel"]
[Result "0-1"]
[WhiteElo "2242"]
[BlackElo "2418"]
[PlyCount "182"]
[EventDate "2011.11.13"]
[EventType "team-tourn"]
[EventRounds "14"]
[EventCountry "ESP"]
[SourceTitle "EXT 2013"]
[Source "ChessBase"]
[SourceDate "2012.11.22"]
[SourceVersion "1"]
[SourceVersionDate "2012.11.22"]
[SourceQuality "1"]
[WhiteTeam "Moratalaz"]
[BlackTeam "Collado Villalba"]
[WhiteTeamCountry "ESP"]
[BlackTeamCountry "ESP"]

1. c4 Nf6 2. g3 g6 3. Bg2 Bg7 4. Nc3 0-0 5. d4 d6 6. Nf3 c6 7. 0-0 Qa5 8. e4 Qh5 9. Ng5 Qxd1 10. Rxd1 e5 11. Nf3 Bg4 12. Be3 Na6 13. h3 Be6 14. b3 Rfe8 15. Rac1 Nh5 16. d5 cxd5 17. Nxd5 Bxd5 18. Rxd5 Nf6 19. Rxd6 Nxe4 20. Rdd1 Nb4 21. Ne1 f5 22. Nd3 Nxa2 23. Ra1 Nac3 24. Re1 a6 25. Rac1 Rac8 26. Kh2 Red8 27. Bf1 Na2 28. Ra1 Nec3 29. Bb6 e4 30. Bxd8 Rxd8 31. Nb2 Rd2 32. Nd1 Bd4 33. Kh1 Bxf2 34. Nxf2 Rxf2 35. c5 Kf8 36. Bc4 Ke7 37. Rf1 Rxf1+ 38. Rxf1 Kf6 39. Kg2 Ke5 40. Bg8 h6 41. Bh7 Kf6 42. Bg8 Nb4 43. Bc4 Ke5 44. Rc1 Kd4 45. Rf1 Nc2 46. Kf2 g5 47. c6 bxc6 48. Bxa6 f4 49. gxf4 gxf4 50. Rc1 Ne3 51. Rg1 Ned1+ 52. Ke1 f3 53. Rg6 c5 54. Rd6+ Ke3 55. Rxh6 f2+ 56. Kf1 Kf3 57. Rf6+ Kg3 58. Rg6+ Kxh3 59. Rh6+ Kg3 60. Rg6+ Kf3 61. Rf6+ Ke3 62. Rc6 Kd4 63. Rc8 Nd5 64. Rd8 Ke5 65. Ke2 N5c3+ 66. Kf1 e3 67. Rc8 Ne4 68. Re8+ Kf4 69. Rf8+ Kg5 70. Rg8+ Kf6 71. Re8 Ndc3 72. Bd3 Kf5 73. Ba6 Kf4 74. Rf8+ Ke5 75. Re8+ Kd4 76. Rd8+ Nd5 77. Rd7 Nd2+ 78. Kg2 Ke5 79. Rf7 Nf4+ 80. Kg3 f1Q 81. Bxf1 Nxf1+ 82. Kf3 Nd5 83. Rf8 Nd2+ 84. Ke2 Nxb3 85. Kd3 Nd2 86. Re8+ Kd6 87. Rd8+ Ke6 88. Re8+ Kd7 89. Re5 Kd6 90. Re8 Nf3 91. Ke4 Nf6+ 0-1

[Event "Madrid-chT"]
[Site "Madrid"]
[Date "2011.12.18"]
[Round "5.42"]
[White "Moreno Tejera, Emilio"]
[Black "Sanchez Alarcos Galian, Victor"]
[Result "1-0"]
[WhiteElo "2319"]
[BlackElo "2242"]
[PlyCount "146"]
[EventDate "2011.11.13"]
[EventType "team-tourn"]
[EventRounds "14"]
[EventCountry "ESP"]
[SourceTitle "EXT 2013"]
[Source "ChessBase"]
[SourceDate "2012.11.22"]
[SourceVersion "1"]
[SourceVersionDate "2012.11.22"]
[SourceQuality "1"]
[WhiteTeam "Villalba"]
[BlackTeam "Moratalaz"]
[WhiteTeamCountry "ESP"]
[BlackTeamCountry "ESP"]

1. e4 c6 2. d4 d5 3. e5 Bf5 4. c3 e6 5. Be3 Nd7 6. Nd2 Ne7 7. f4 h5 8. Ngf3 Bg4 9. Qb3 Qb6 10. Be2 Nf5 11. Bf2 Be7 12. a4 g6 13. a5 Qxb3 14. Nxb3 a6 15. Nbd2 Kf8 16. b4 Kg7 17. Bd3 Nh6 18. Bh4 Bxf3 19. Nxf3 Bxh4+ 20. Nxh4 Nf5 21. Nf3 h4 22. Kf2 Rag8 23. Rae1 Re8 24. Ng5 Rh6 25. g4 hxg3+ 26. hxg3 Reh8 27. Rxh6 Rxh6 28. g4 Ne7 29. Kg3 Nf8 30. Nf3 Rh8 31. Rg1 Rh6 32. Nh4 Rh8 33. f5 gxf5 34. gxf5 exf5 35. Kf3+ Kh6 36. Nxf5+ Nxf5 37. Bxf5 Ne6 38. Ke3 Re8 39. Bd3 Rd8 40. Rg4 Rd7 41. Bf5 Rd8 42. Kf3 Re8 43. Kg3 Rd8 44. Kf3 Re8 45. Rg2 Rd8 46. Ke3 Re8 47. Kd2 Rd8 48. Rh2+ Kg7 49. Rh7+ Kg8 50. Rh6 Re8 51. Kc2 Kg7 52. Rh7+ Kg8 53. Rh2 Kg7 54. Bg4 Re7 55. Rf2 Kg8 56. Rf6 Kg7 57. Kb3 Kg8 58. Rf2 Kg7 59. Rf6 Kg8 60. Bxe6 fxe6 61. c4 Rf7 62. Rxe6 Rf3+ 63. Kc2 dxc4 64. Re7 Rd3 65. Rxb7 Rxd4 66. Kc3 Re4 67. Rb6 c5 68. bxc5 Kf7 69. Rxa6 Ke7 70. Rd6 Rh4 71. a6 Re4 72. e6 Rh4 73. Rb6 Re4 1-0

[Event "Madrid-chT"]
[Site "Madrid"]
[Date "2011.11.20"]
[Round "2.23"]
[White "Sanchez Alarcos Galian, Victor"]
[Black "Rubio Mejia, Luis Ignacio"]
[Result "0-1"]
[WhiteElo "2242"]
[BlackElo "2439"]
[PlyCount "110"]
[EventDate "2011.11.13"]
[EventType "team-tourn"]
[EventRounds "14"]
[EventCountry "ESP"]
[SourceTitle "EXT 2013"]
[Source "ChessBase"]
[SourceDate "2012.11.22"]
[SourceVersion "1"]
[SourceVersionDate "2012.11.22"]
[SourceQuality "1"]
[WhiteTeam "Moratalaz"]
[BlackTeam "Virgen de Atocha"]
[WhiteTeamCountry "ESP"]
[BlackTeamCountry "ESP"]

1. d4 Nf6 2. Nf3 e6 3. c4 d5 4. g3 Bb4+ 5. Bd2 Bd6 6. Qc2 c6 7. Bg2 Nbd7 8. 0-0 0-0 9. Bf4 Bxf4 10. gxf4 b6 11. Nbd2 Bb7 12. f5 exf5 13. Qxf5 c5 14. Rfd1 g6 15. Qf4 Re8 16. e3 Nh5 17. Qg5 Qxg5 18. Nxg5 cxd4 19. cxd5 dxe3 20. fxe3 Ndf6 21. e4 Nf4 22. Rf1 N6h5 23. Bf3 Ba6 24. Rfe1 h6 25. Bxh5 hxg5 26. Bf3 Rac8 27. Rec1 Nd3 28. Rc3 Rxc3 29. bxc3 Ne5 30. Bg2 Rc8 31. Rc1 g4 32. Bf1 Bxf1 33. Kxf1 Kf8 34. Ke2 Ke7 35. Ke3 Rh8 36. Kd4 Kd6 37. Rf1 Rxh2 38. Rf6+ Ke7 39. Kxe5 Rh5+ 40. Kf4 Kxf6 41. Nc4 Rh3 42. e5+ Ke7 43. Ne3 f5 44. exf6+ Kxf6 45. Nxg4+ Ke7 46. c4 Kd6 47. Ke4 Rh4 48. Kf4 Rh1 49. Ke4 Ra1 50. Kd4 Rxa2 51. Nf6 Re2 52. Kd3 Re5 53. Ng4 Rf5 54. Kc3 a5 55. Kb3 Rf4 0-1

[Event "Madrid-chT"]
[Site "Madrid"]
[Date "2011.11.13"]
[Round "1.33"]
[White "Fernandez Garcia, Miguel Angel"]
[Black "Sanchez Alarcos Galian, Victor"]
[Result "0-1"]
[WhiteElo "2318"]
[BlackElo "2242"]
[PlyCount "86"]
[EventDate "2011.11.13"]
[EventType "team-tourn"]
[EventRounds "14"]
[EventCountry "ESP"]
[SourceTitle "EXT 2013"]
[Source "ChessBase"]
[SourceDate "2012.11.22"]
[SourceVersion "1"]
[SourceVersionDate "2012.11.22"]
[SourceQuality "1"]
[WhiteTeam "Amigos del Retiro"]
[BlackTeam "Moratalaz"]
[WhiteTeamCountry "ESP"]
[BlackTeamCountry "ESP"]

1. d4 d5 2. c4 c6 3. Nf3 Nf6 4. e3 a6 5. c5 Bg4 6. Nbd2 Nbd7 7. b4 e5 8. dxe5 Nxe5 9. Bb2 Nxf3+ 10. gxf3 Bf5 11. Nb3 Be7 12. Qd4 Qc7 13. a4 h5 14. Be2 Rh6 15. 0-0-0 Rg6 16. a5 0-0-0 17. Qe5 Qxe5 18. Bxe5 Nd7 19. Bb2 Bh4 20. Nd4 Bh3 21. Bd3 Rf6 22. Bf1 Bxf1 23. Rhxf1 Kc7 24. f4 Rg6 25. Nf5 Bf6 26. Rg1 Rxg1 27. Rxg1 g6 28. Nd6 Rf8 29. f5 Be7 30. Nxf7 Rxf7 31. fxg6 Rf8 32. g7 Rg8 33. Rg6 Kd8 34. Rh6 Ke8 35. Rxh5 Bf6 36. Rf5 Kf7 37. f3 Rxg7 38. e4 dxe4 39. fxe4 Rg1+ 40. Kc2 Rg2+ 41. Kc1 Rxb2 42. e5 Rxb4 43. exf6 Nxf6 0-1

[Event "Moratalaz op 24th"]
[Site "Madrid"]
[Date "2011.09.21"]
[Round "7"]
[White "Sanchez Alarcos Galian, Victor"]
[Black "Rodrigo Yanguas, Maria"]
[Result "0-1"]
[WhiteElo "2239"]
[BlackElo "2135"]
[PlyCount "74"]
[EventDate "2011.09.15"]
[EventType "swiss"]
[EventRounds "9"]
[EventCountry "ESP"]
[SourceTitle "CBM 144 Extra"]
[Source "ChessBase"]
[SourceDate "2011.10.28"]
[SourceVersion "1"]
[SourceVersionDate "2011.10.28"]
[SourceQuality "1"]

1. d4 d5 2. Nf3 Nc6 3. c4 Bg4 4. Nc3 e6 5. cxd5 exd5 6. Bf4 Nf6 7. e3 Be7 8. Qb3 Na5 9. Qa4+ c6 10. Ne5 Qb6 11. Rb1 Bf5 12. Bd3 Bxd3 13. Nxd3 0-0 14. 0-0 Nc4 15. Qc2 Nh5 16. Be5 Rfe8 17. Qe2 Nf6 18. Rfc1 Nxe5 19. Nxe5 Bd6 20. Nf3 Qd8 21. b4 Rc8 22. b5 c5 23. dxc5 Rxc5 24. Qd3 Qc7 25. Ne2 Rc8 26. Rxc5 Qxc5 27. Nfd4 Qc7 28. g3 Qa5 29. Qb3 Rc4 30. Kg2 Ne4 31. Rc1 Rxc1 32. Nxc1 Qd2 33. Nce2 Qe1 34. Qxd5 Qxf2+ 35. Kh3 Qf1+ 36. Kh4 Be7+ 37. Kg4 Nf6+ 0-1

[Event "Moratalaz op 24th"]
[Site "Madrid"]
[Date "2011.09.18"]
[Round "4"]
[White "Almagro Llamas, Pablo"]
[Black "Sanchez Alarcos Galian, Victor"]
[Result "1/2-1/2"]
[WhiteElo "2466"]
[BlackElo "2239"]
[PlyCount "119"]
[EventDate "2011.09.15"]
[EventType "swiss"]
[EventRounds "9"]
[EventCountry "ESP"]
[SourceTitle "CBM 144 Extra"]
[Source "ChessBase"]
[SourceDate "2011.10.28"]
[SourceVersion "1"]
[SourceVersionDate "2011.10.28"]
[SourceQuality "1"]

1. e4 c6 2. d4 d5 3. e5 Bf5 4. Nc3 a6 5. Be3 Qc7 6. Nge2 e6 7. h4 h6 8. f4 h5 9. Ng3 Bg4 10. Qd2 Nh6 11. Nd1 Nf5 12. Nxf5 Bxf5 13. Nf2 Nd7 14. Be2 c5 15. c3 Be7 16. g3 Rc8 17. dxc5 Nxc5 18. Bd4 Ne4 19. Qe3 Nxf2 20. Kxf2 g6 21. a4 Qd7 22. a5 Be4 23. Rhd1 Kf8 24. c4 Kg7 25. c5 Bc2 26. Rdc1 Ba4 27. Bd3 Bb5 28. Bc2 Rcg8 29. f5 gxf5 30. Bxf5 Kf8 31. Bh3 Rg6 32. Ra3 Rhg8 33. Qf4 Ke8 34. Rg1 Qd8 35. Rg2 Qc7 36. b4 Bc4 37. Kg1 Qd7 38. Kh2 Qb5 39. Rf3 R8g7 40. Qd2 Bf1 41. Rgf2 Bxh3 42. Kxh3 Rg4 43. Rd3 Qc4 44. Rff3 Re4 45. Rf2 Rgg4 46. Bc3 d4 47. Bb2 Qd5 48. Qd1 Qxe5 49. Qa4+ Kf8 50. Rdf3 Bf6 51. Bc1 Re1 52. Bh6+ Ke7 53. Bf4 Rh1+ 54. Kg2 Qe1 55. Bd6+ Kd8 56. Rxf6 Rg1+ 57. Kh2 Rh1+ 58. Kg2 Rg1+ 59. Kh3 Rh1+ 60. Kg2 1/2-1/2

[Event "Madrid-chT 1011"]
[Site "Madrid"]
[Date "2011.01.30"]
[Round "8.26"]
[White "Sanchez Alarcos Galian, Victor"]
[Black "Suarez Uriel, Adrian"]
[Result "1-0"]
[WhiteElo "2192"]
[BlackElo "2215"]
[PlyCount "63"]
[EventDate "2010.11.21"]
[EventType "team-tourn"]
[EventRounds "14"]
[EventCountry "ESP"]
[SourceTitle "EXT 2012"]
[Source "ChessBase"]
[SourceDate "2011.11.24"]
[SourceVersion "1"]
[SourceVersionDate "2011.11.24"]
[SourceQuality "1"]
[WhiteTeam "Moratalaz"]
[BlackTeam "La Casa del Ajedrez"]
[WhiteTeamCountry "ESP"]
[BlackTeamCountry "ESP"]

1. c4 e5 2. g3 Nf6 3. Bg2 h6 4. Nc3 Bb4 5. Qc2 Nc6 6. Nf3 0-0 7. 0-0 Re8 8. a3 Bxc3 9. Qxc3 d5 10. d3 dxc4 11. Qxc4 e4 12. dxe4 Rxe4 13. Qc2 Bf5 14. e3 Qd7 15. Qe2 Bg4 16. b4 a5 17. bxa5 Rxa5 18. Qc2 Rh5 19. Bb2 Re8 20. Bxf6 gxf6 21. Qb2 Bh3 22. Rfd1 Qf5 23. Qxb7 Na5 24. Bxh3 Qxh3 25. Qxc7 Qg4 26. Qd7 Qe4 27. Rd4 Qa8 28. Rg4+ Rg5 29. Nxg5 fxg5 30. Ra4 Re5 31. Rc1 Qf3 32. Rxa5 1-0

[Event "La Roda op 37th"]
[Site "La Roda"]
[Date "2010.04.04"]
[Round "8"]
[White "Ramiro Ovejero, Juan Luis"]
[Black "Sanchez Alarcos Galian, Victor"]
[Result "1-0"]
[WhiteElo "2375"]
[BlackElo "2149"]
[PlyCount "125"]
[EventDate "2010.03.31"]
[EventType "swiss"]
[EventRounds "9"]
[EventCountry "ESP"]
[SourceTitle "CBM 135 Extra"]
[Source "ChessBase"]
[SourceDate "2010.05.04"]
[SourceVersion "1"]
[SourceVersionDate "2010.05.04"]
[SourceQuality "1"]

1. e4 c6 2. d4 d5 3. Nd2 dxe4 4. Nxe4 Bf5 5. Ng3 Bg6 6. Nh3 e6 7. Nf4 Bd6 8. c3 Nf6 9. h4 Qc7 10. Qf3 Nd5 11. Nxd5 cxd5 12. h5 Bc2 13. Bb5+ Nc6 14. Kd2 Bxg3 15. Kxc2 Bd6 16. h6 g6 17. Bg5 Be7 18. Bxe7 Qxe7 19. Rae1 0-0-0 20. Bxc6 bxc6 21. b4 Rd7 22. Qd3 Kb8 23. a4 Qg5 24. g3 Qf5 25. f4 Kc7 26. Re5 Qxd3+ 27. Kxd3 Kd6 28. c4 dxc4+ 29. Kxc4 Rhd8 30. Ra5 Rb7 31. Re1 Kc7 32. Ree5 Kb6 33. b5 cxb5+ 34. Raxb5+ Kc7 35. Rxb7+ Kxb7 36. d5 Rd6 37. Kc5 Kc7 38. dxe6 fxe6 39. Re4 Rc6+ 40. Kd4 Kd6 41. Re5 Rc1 42. Ra5 Rd1+ 43. Ke4 Re1+ 44. Kf3 Rh1 45. Ra6+ Kd5 46. Rxa7 Rxh6 47. a5 Rh1 48. a6 Rf1+ 49. Kg4 h5+ 50. Kg5 Rg1 51. Kxg6 h4 52. Kf6 hxg3 53. Rg7 Ra1 54. a7 g2 55. Rxg2 Rxa7 56. Re2 Ra8 57. Re5+ Kd4 58. Rxe6 Rf8+ 59. Kg5 Rg8+ 60. Rg6 Rf8 61. f5 Ke5 62. Re6+ Kd5 63. Re1 1-0

[Event "Madrid-chT Honor"]
[Site "Madrid"]
[Date "2010.02.14"]
[Round "10"]
[White "Sanchez Alarcos Galian, Victor"]
[Black "Solaesa Navalpotro, Luis Julio"]
[Result "0-1"]
[WhiteElo "2149"]
[BlackElo "2224"]
[PlyCount "94"]
[EventDate "2009.11.22"]
[EventType "team-tourn"]
[EventRounds "13"]
[EventCountry "ESP"]
[SourceTitle "EXT 2011"]
[Source "ChessBase"]
[SourceDate "2010.11.26"]
[SourceVersion "1"]
[SourceVersionDate "2010.11.26"]
[SourceQuality "1"]

1. d4 Nf6 2. Nf3 e6 3. c4 Nc6 4. Nc3 d6 5. e4 g6 6. Be2 Bg7 7. 0-0 0-0 8. h3 Re8 9. Be3 e5 10. dxe5 Nxe5 11. Nxe5 dxe5 12. Qxd8 Rxd8 13. Nd5 Rd7 14. Rad1 c6 15. Nc7 Rxc7 16. Rd8+ Bf8 17. Bh6 Nd7 18. Bg4 f5 19. exf5 Kf7 20. fxg6+ hxg6 21. Rd1 Bxh6 22. Bxd7 Bg5 23. Rxc8 Raxc8 24. Bxc8 Rxc8 25. Rd7+ Be7 26. Rxb7 Rd8 27. Rxa7 Rd1+ 28. Kh2 Rd2 29. b4 Rxf2 30. b5 cxb5 31. cxb5 Rb2 32. Kg3 Rxb5 33. Kf3 Ke6 34. g4 g5 35. Ra8 Kd5 36. Ra7 e4+ 37. Ke2 Bd6 38. Rh7 Rb2+ 39. Kf1 Bg3 40. a4 e3 41. Re7 Rf2+ 42. Kg1 e2 43. a5 Rf1+ 44. Kg2 e1Q 45. Rxe1 Rxe1 46. Kxg3 Re3+ 47. Kg2 Ra3 0-1

[Event "Madrid-chT Honor"]
[Site "Madrid"]
[Date "2010.01.24"]
[Round "7"]
[White "Sanchez Alarcos Galian, Victor"]
[Black "Pina Sierra, Julia"]
[Result "1-0"]
[WhiteElo "2149"]
[BlackElo "2061"]
[PlyCount "83"]
[EventDate "2009.11.22"]
[EventType "team-tourn"]
[EventRounds "13"]
[EventCountry "ESP"]
[SourceTitle "EXT 2011"]
[Source "ChessBase"]
[SourceDate "2010.11.26"]
[SourceVersion "1"]
[SourceVersionDate "2010.11.26"]
[SourceQuality "1"]

1. d4 Nf6 2. Nf3 d5 3. c4 e6 4. g3 c5 5. cxd5 exd5 6. Bg2 c4 7. 0-0 Nc6 8. Ne5 Be6 9. Nxc6 bxc6 10. b3 cxb3 11. axb3 Be7 12. Qc2 Qb6 13. Ba3 Bxa3 14. Rxa3 0-0 15. e3 Rac8 16. Rc1 Nd7 17. Qa2 Rc7 18. Nc3 g6 19. Bf3 Rb8 20. Kg2 Qb7 21. Na4 Qc8 22. Nc5 Nxc5 23. Rxc5 Bh3+ 24. Kg1 Qf5 25. Bg2 Bxg2 26. Kxg2 Qe4+ 27. Kg1 h5 28. h4 Rbb7 29. Qc2 Qe6 30. Ra6 Rb6 31. Rca5 Rcb7 32. Ra3 Qe7 33. Qa2 Qb4 34. Kg2 Qc3 35. Rxb6 Rxb6 36. Rxa7 Rxb3 37. Ra8+ Kg7 38. Qa6 Qc2 39. Qc8 Qe4+ 40. Kh2 Kf6 41. Qh8+ Kf5 42. Re8 1-0

[Event "Galapagar op 10th"]
[Site "Galapagar"]
[Date "2009.07.25"]
[Round "8"]
[White "Cuadrado Lopez, Francisco Javier"]
[Black "Sanchez Alarcos Galian, Victor"]
[Result "1-0"]
[WhiteElo "1937"]
[BlackElo "2146"]
[PlyCount "81"]
[EventDate "2009.07.18"]
[EventType "swiss"]
[EventRounds "9"]
[EventCountry "ESP"]
[SourceTitle "EXT 2010"]
[Source "ChessBase"]
[SourceDate "2010.11.25"]
[SourceVersion "1"]
[SourceVersionDate "2010.11.25"]
[SourceQuality "1"]

1. c4 c5 2. Nc3 Nc6 3. Nf3 e5 4. d3 g6 5. g3 Bg7 6. Bg2 Nge7 7. e4 d6 8. Be3 0-0 9. Qd2 Nd4 10. Bh6 Nec6 11. Bxg7 Kxg7 12. a3 Nb3 13. Qd1 Nxa1 14. Qxa1 Nd4 15. Nxd4 cxd4 16. Nd5 Be6 17. h4 Bxd5 18. exd5 h5 19. Qc1 f5 20. Qd2 Qf6 21. Kd1 Rfe8 22. Re1 Re7 23. Re2 Rae8 24. f3 Rc7 25. Qa5 b6 26. Qb4 Rc5 27. a4 g5 28. hxg5 Qxg5 29. Qe1 Rcc8 30. Bh3 Kh8 31. f4 Qf6 32. Qf1 exf4 33. Rf2 fxg3 34. Rxf5 Qg6 35. Rf6 Qg7 36. Qf3 Qg5 37. Rf5 Re1+ 38. Kc2 Rxc4+ 39. Kb3 Rc3+ 40. bxc3 Rb1+ 41. Kc4 1-0

[Event "San Sebastian Constitucion op 10th"]
[Site "San Sebastian"]
[Date "2008.12.06"]
[Round "7"]
[White "Sanchez Alarcos Galian, Victor"]
[Black "Morales, Jhon Alexander"]
[Result "1-0"]
[WhiteElo "2011"]
[BlackElo "2338"]
[PlyCount "41"]
[EventDate "2008.11.30"]
[EventType "swiss"]
[EventRounds "9"]
[EventCountry "ESP"]
[SourceTitle "CBM 127 Extra"]
[Source "ChessBase"]
[SourceDate "2009.01.08"]
[SourceVersion "2"]
[SourceVersionDate "2009.01.28"]
[SourceQuality "1"]

1. e4 c5 2. Nf3 Nc6 3. d4 cxd4 4. Nxd4 Nf6 5. Nc3 d6 6. Bg5 e6 7. Qd2 a6 8. 0-0-0 Bd7 9. f4 b5 10. Nxc6 Bxc6 11. e5 dxe5 12. Qe3 Qc7 13. fxe5 Nd7 14. Bf4 Rc8 15. Bd3 g6 16. Ne4 Bxe4 17. Bxe4 Bg7 18. Rd6 Bxe5 19. Bxe5 Nxe5 20. Qd4 Nc4 21. Bc6+ 1-0

[Event "Parla 25 Jubilee op"]
[Site "Parla"]
[Date "2008.09.13"]
[Round "8"]
[White "Fernandez Garcia, Javier"]
[Black "Sanchez Alarcos Galian, Victor"]
[Result "0-1"]
[WhiteElo "1924"]
[BlackElo "2026"]
[PlyCount "90"]
[EventDate "2008.09.06"]
[EventType "swiss"]
[EventRounds "9"]
[EventCountry "ESP"]
[SourceTitle "CBM 126 Extra"]
[Source "ChessBase"]
[SourceDate "2008.11.05"]
[SourceVersion "1"]
[SourceVersionDate "2008.11.05"]
[SourceQuality "1"]

1. d4 Nf6 2. Nf3 e6 3. e3 b6 4. Bd3 Bb7 5. 0-0 Be7 6. c4 0-0 7. Nc3 d5 8. Ne5 dxc4 9. Bxc4 Nbd7 10. f4 c5 11. a4 Qc7 12. Nb5 Qb8 13. b3 a6 14. Nc3 Rd8 15. Qe2 Qc7 16. Bb2 Nxe5 17. fxe5 Nd5 18. Ne4 Nb4 19. Qg4 Bxe4 20. Qxe4 Bf8 21. Rad1 Qc6 22. Bd3 Qxe4 23. Bxe4 Nd5 24. Rd3 Rac8 25. Rfd1 c4 26. bxc4 Rxc4 27. Ra1 Rdc8 28. Rb3 Rb4 29. Bxd5 exd5 30. Rxb4 Bxb4 31. Rc1 Rxc1+ 32. Bxc1 Kf8 33. Kf2 Ke7 34. Kf3 Ke6 35. e4 Bc3 36. Ke3 b5 37. axb5 axb5 38. Kd3 b4 39. exd5+ Kxd5 40. Be3 Ba1 41. g4 b3 42. h4 b2 43. Kc2 b1Q+ 44. Kxb1 Bxd4 45. e6 fxe6 0-1

[Event "Parla 25 Jubilee op"]
[Site "Parla"]
[Date "2008.09.11"]
[Round "6"]
[White "Perez Gonzalez, Jose Manuel"]
[Black "Sanchez Alarcos Galian, Victor"]
[Result "1-0"]
[WhiteElo "2255"]
[BlackElo "2026"]
[PlyCount "109"]
[EventDate "2008.09.06"]
[EventType "swiss"]
[EventRounds "9"]
[EventCountry "ESP"]
[SourceTitle "CBM 126 Extra"]
[Source "ChessBase"]
[SourceDate "2008.11.05"]
[SourceVersion "1"]
[SourceVersionDate "2008.11.05"]
[SourceQuality "1"]

1. e4 c6 2. d4 d5 3. e5 Bf5 4. Nc3 a6 5. Nf3 e6 6. Be2 Nd7 7. 0-0 Ne7 8. Be3 Qc7 9. Nh4 Bg6 10. f4 c5 11. Kh1 cxd4 12. Bxd4 0-0-0 13. Bg1 Be4 14. Nf3 Bxf3 15. Rxf3 Nc6 16. a3 Bc5 17. Bxc5 Nxc5 18. b4 Ne4 19. Qd3 Nxc3 20. Qxc3 Qb6 21. b5 axb5 22. Rb1 Qd4 23. Qe1 Qe4 24. Qf1 Rd7 25. Bd3 Qd4 26. Bxb5 Rc7 27. Rfb3 Qc5 28. Bd3 Rd8 29. h3 h5 30. a4 Nd4 31. R3b2 Qa5 32. Qf2 Nc6 33. Bb5 Ne7 34. Bd3 Qxa4 35. Qf1 Qd4 36. Rb4 Qc5 37. Rb5 Qe3 38. R1b3 Qd4 39. R5b4 Qc5 40. Qa1 Nc6 41. Rb5 Qa7 42. Ra3 Qf2 43. Ra8+ Kd7 44. Rxd8+ Nxd8 45. Rb4 Nc6 46. Ra4 Qc5 47. Ra8 Rc8 48. Rxc8 Kxc8 49. Qa8+ Nb8 50. Qa4 Kd8 51. f5 Qc3 52. Qh4+ Kd7 53. Qg3 Nc6 54. fxe6+ Kxe6 55. Bf5+ 1-0

[Event "Parla 25 Jubilee op"]
[Site "Parla"]
[Date "2008.09.08"]
[Round "3"]
[White "Sanchez Alarcos Galian, Victor"]
[Black "Lozano Cortijo, Mariano"]
[Result "1/2-1/2"]
[WhiteElo "2026"]
[BlackElo "2156"]
[PlyCount "51"]
[EventDate "2008.09.06"]
[EventType "swiss"]
[EventRounds "9"]
[EventCountry "ESP"]
[SourceTitle "CBM 126 Extra"]
[Source "ChessBase"]
[SourceDate "2008.11.05"]
[SourceVersion "1"]
[SourceVersionDate "2008.11.05"]
[SourceQuality "1"]

1. d4 d5 2. c4 c6 3. Nf3 Nf6 4. Nc3 g6 5. Bf4 Bg7 6. e3 0-0 7. Qb3 Qa5 8. Be2 dxc4 9. Bxc4 b5 10. Bxf7+ Rxf7 11. Ng5 e6 12. Nxf7 Kxf7 13. 0-0 Nd5 14. Nxd5 exd5 15. Rac1 Qb6 16. Rc5 Bf8 17. Rc3 b4 18. Rcc1 Na6 19. Be5 Be6 20. f4 Bf5 21. g4 Be4 22. f5 gxf5 23. gxf5 Be7 24. Qd1 Rg8+ 25. Bg3 Rg5 26. Qa4 1/2-1/2

[Event "ESP-ch U18"]
[Site "Padron"]
[Date "2008.08.01"]
[Round "8"]
[White "Sanchez Alarcos Galian, Victor"]
[Black "Marcos Pinto, Luis"]
[Result "1-0"]
[WhiteElo "2026"]
[BlackElo "2115"]
[PlyCount "83"]
[EventDate "2008.07.27"]
[EventType "swiss"]
[EventRounds "9"]
[EventCountry "ESP"]
[SourceTitle "CBM 125 Extra"]
[Source "ChessBase"]
[SourceDate "2008.09.01"]
[SourceVersion "1"]
[SourceVersionDate "2008.09.01"]
[SourceQuality "1"]

1. d4 Nf6 2. Nf3 g6 3. Bf4 Bg7 4. e3 c5 5. c3 b6 6. h3 0-0 7. Be2 Bb7 8. Nbd2 d6 9. 0-0 Nbd7 10. a4 Rc8 11. Qb3 e5 12. Bh2 Qe7 13. Nc4 Ne8 14. dxe5 dxe5 15. Rfd1 e4 16. Nfd2 Bc6 17. Nf1 Ne5 18. Nxe5 Bxe5 19. Bxe5 Qxe5 20. Ba6 Rb8 21. Rd2 Nc7 22. Bb5 Bd5 23. Bc4 Bxc4 24. Qxc4 a6 25. Ng3 Rbe8 26. Rd7 Re7 27. Rxe7 Qxe7 28. Qxe4 Qxe4 29. Nxe4 Rd8 30. a5 b5 31. Nxc5 Rd2 32. b4 Kf8 33. Kf1 Ke8 34. Rc1 Rb2 35. Rd1 Rc2 36. Rd3 h5 37. h4 Ra2 38. g3 Rc2 39. Kg2 Rc1 40. Kf3 Rc2 41. e4 Rc1 42. Kf4 1-0

[Event "ESP-ch U18"]
[Site "Padron"]
[Date "2008.07.29"]
[Round "4"]
[White "Sanchez Alarcos Galian, Victor"]
[Black "Mestre Bellido, Hector"]
[Result "0-1"]
[WhiteElo "2026"]
[BlackElo "2284"]
[PlyCount "48"]
[EventDate "2008.07.27"]
[EventType "swiss"]
[EventRounds "9"]
[EventCountry "ESP"]
[SourceTitle "CBM 125 Extra"]
[Source "ChessBase"]
[SourceDate "2008.09.01"]
[SourceVersion "1"]
[SourceVersionDate "2008.09.01"]
[SourceQuality "1"]

1. d4 d5 2. c4 c6 3. Nf3 Nf6 4. Nc3 a6 5. Qc2 dxc4 6. e4 b5 7. Be2 e6 8. 0-0 Bb7 9. b3 cxb3 10. axb3 Nbd7 11. e5 Nd5 12. Ne4 c5 13. Bg5 Qb6 14. Rac1 cxd4 15. Rfd1 h6 16. Bh4 Ba3 17. Nxd4 Nxe5 18. Bg3 Nd7 19. Nxe6 Qxe6 20. Nd6+ Bxd6 21. Bg4 Qe7 22. Re1 Ne5 23. f4 Nxg4 24. Rxe7+ Bxe7 0-1

[Event "Madrid sim"]
[Site "Madrid"]
[Date "2008.05.24"]
[Round "?"]
[White "Carlsen, Magnus"]
[Black "Sanchez Alarcos Galian, Victor"]
[Result "1-0"]
[WhiteElo "2765"]
[BlackElo "2016"]
[PlyCount "84"]
[EventDate "2008.05.24"]
[EventType "simul"]
[EventRounds "1"]
[EventCountry "ESP"]
[SourceTitle "CBM 124 Extra"]
[Source "ChessBase"]
[SourceDate "2008.07.03"]
[SourceVersion "1"]
[SourceVersionDate "2008.07.03"]
[SourceQuality "1"]

1. e4 e6 2. d4 d5 3. Nc3 Bb4 4. e5 c5 5. a3 Bxc3+ 6. bxc3 Ne7 7. Qg4 Qc7 8. Bd3 cxd4 9. Ne2 dxc3 10. Qxg7 Rg8 11. Qxh7 Qxe5 12. Bf4 Qf6 13. Qh6 Ng6 14. Bg5 Rh8 15. Bxf6 Rxh6 16. Bxc3 Nc6 17. f4 Bd7 18. Kf2 0-0-0 19. Bf6 Rg8 20. Bg5 Rhh8 21. h4 Nf8 22. h5 Nh7 23. Bh4 f5 24. Rh3 Rg4 25. Rah1 Be8 26. h6 Rg6 27. c4 Rxh6 28. cxd5 exd5 29. Bg5 Nxg5 30. Rxh6 Rxh6 31. Bxf5+ Bd7 32. Bxd7+ Kxd7 33. Rxh6 Ne4+ 34. Ke3 Nd6 35. Rh7+ Ne7 36. Nd4 Ke8 37. g4 a5 38. f5 Nc6 39. Ne6 b5 40. Nc7+ Kf8 41. Nxd5 Nc4+ 42. Kf4 Nxa3 1-0

[Event "ESP-ch U18"]
[Site "Linares"]
[Date "2007.08.02"]
[Round "7"]
[White "Sanchez Alarcos Galian, Victor"]
[Black "Gonzalez Merino, Alberto"]
[Result "0-1"]
[WhiteElo "1958"]
[BlackElo "2172"]
[PlyCount "70"]
[EventDate "2007.07.29"]
[EventType "swiss"]
[EventRounds "9"]
[EventCountry "ESP"]
[SourceTitle "EXT 2008"]
[Source "ChessBase"]
[SourceDate "2007.11.25"]
[SourceVersion "1"]
[SourceVersionDate "2007.11.25"]
[SourceQuality "1"]

1. e4 e6 2. d4 d5 3. Nc3 Bb4 4. e5 c5 5. a3 Bxc3+ 6. bxc3 Qc7 7. Qg4 f5 8. Qg3 cxd4 9. cxd4 Ne7 10. Ne2 0-0 11. c3 b6 12. Nf4 Qd7 13. a4 Ba6 14. Bb5 Bxb5 15. axb5 a6 16. h4 Kf7 17. Qd3 Qb7 18. 0-0 Rc8 19. Ba3 axb5 20. Bxe7 Kxe7 21. Qxb5 Rc6 22. Qb1 Rxa1 23. Qb4+ Kf7 24. Rxa1 Na6 25. Qb3 Nc7 26. Nd3 Rc4 27. Nb2 Rc6 28. Na4 Qa6 29. Ra3 Qe2 30. Ra2 Qd3 31. Ra3 Nb5 32. c4 Qxc4 33. Qxc4 dxc4 34. Ra1 c3 35. Rb1 c2 0-1